000 00339nam a2200145Ia 4500
008 150201s2007 xx 000 0 und d
082 _a616.0757
_bC07K
100 _aKARTHIKEYAN , D.
245 _aCHEST X-RAY MADE EESY
250 _a1ST
260 _bJAYPEE
_aDELHI
_c2007
300 _a1-177
650 _aRADIOLOGY
942 _2ddc
_cBK
_08
999 _c1660
_d1660